000 00679nam a2200253Ia 4500
003 OSt
005 20221006145006.0
006 a|||||r|||| 00| 0
007 ta
008 221006b |||||||| |||| 00| 0 eng d
020 _c160.00
024 _a13,438
037 _cTextual
040 _aEASL
_cEASL
_beng
041 _2eng
_aeng
082 _aV4445:1941.N83, M4
100 _aBAIDAY Bhuchandra P R
_9653301
245 0 _aForeign aid and economic develpment
260 _aVaransi
_bKonark Pub.
_c1984
300 _a404p.
_ccm.
490 _v Oth
942 _hV4445:1941.N83, M4
_cTEXL
_2CC
999 _c1081524
_d1081524